_Shingo ya Mbunge na Hadithi Nyingine K W Wamitila (Record no. 8844)
[ view plain ]
| 000 -LEADER | |
|---|---|
| fixed length control field | 00405nam a2200145Ia 4500 |
| 008 - FIXED-LENGTH DATA ELEMENTS--GENERAL INFORMATION | |
| fixed length control field | 151021s9999 xx 000 0 und d |
| 020 ## - INTERNATIONAL STANDARD BOOK NUMBER | |
| International Standard Book Number | 9966773231 |
| 050 ## - LIBRARY OF CONGRESS CALL NUMBER | |
| Classification number | PL 8707 .W 2007 |
| 245 ## - TITLE STATEMENT | |
| Title | _Shingo ya Mbunge na Hadithi Nyingine K W Wamitila |
| 260 ## - PUBLICATION, DISTRIBUTION, ETC. (IMPRINT) | |
| Place of publication, distribution, etc. | Nairobi Vide muwa 2007 |
| 300 ## - PHYSICAL DESCRIPTION | |
| Extent | vii,118p. |
| 500 ## - GENERAL NOTE | |
| General note | pamoja na sherehe |
| 650 ## - SUBJECT ADDED ENTRY--TOPICAL TERM | |
| Topical term or geographic name as entry element | _Hadithi |
| 980 ## - EQUIVALENCE OR CROSS-REFERENCE-SERIES STATEMENT--PERSONAL NAME/TITLE [LOCAL, CANADA] | |
| Personal name | ^d20120207 11:49:13^okorir |
No items available.